000 01141nam a22003017a 4500
999 _c65574
_d65574
005 20240530110832.0
008 190916s2007 ua f 000 0 ara d
017 _a2004/2963
_bمصر. دار الكتب
020 _a9773130967
040 _aEG-CaGPL
_cEG-CaGPL
082 0 4 _221
_a305.42
_bق/ و ع
110 0 _aوحدة البحوث بمركز المحروسة
245 1 2 _aالعنف ضد المراة فى مصر /
_cوحدة البحوث بمركز المحروسة
250 _aط. 1
260 _aالقاهرة :
_bمركز المحروسة للنشر والخدمات الصحفية والمعلومات،
_c2007
300 _a247 ص. ؛
_c24 سم
650 0 7 _2qrmak
_aالعنف
650 0 7 _aالجوانب الاخلاقية والدينية
_2qrmak
651 _2qrmak
653 _aالعنف ضد المراة
653 _aالعنف الاسرى
653 _aالعنف المجتمعى
700 0 _aهويدا رفاعى
_eمحرر
700 0 _aاحمد زكى
_eمحرر
700 0 _aنيفين سليمان
_eمحرر
942 _2ddc
_cBK